Central Library OPAC University of Rajshahi

Mohammedanism / (Record no. 32932)

MARC details
000 -LEADER
fixed length control field 00895cam a22002891 4500
001 - CONTROL NUMBER
control field 32932
003 - CONTROL NUMBER IDENTIFIER
rucl marc code BD-RjUL
005 - DATE AND TIME OF LATEST TRANSACTION
control field 20211209051922.0
008 - FIXED-LENGTH DATA ELEMENTS--GENERAL INFORMATION
fixed length control field 140429r19631961nyu b 000 0 eng
035 ## - SYSTEM CONTROL NUMBER
System control number (BD-RjUL)33022
System control number (OCoLC)334730
040 ## - CATALOGING SOURCE
Original cataloging agency DLC
Transcribing agency ONowdM
Modifying agency OCoLC
-- DLC
-- BD-RjUL
Language of cataloging eng
041 ## - LANGUAGE CODE
Language code of text/sound track or separate title eng
082 ## - DEWEY DECIMAL CLASSIFICATION NUMBER
Classification number 297
Author mark and year GAM 1963
100 1# - MAIN ENTRY--PERSONAL NAME
Personal name Gardet, Louis.
9 (RLIN) 100104
245 00 - TITLE STATEMENT
Title Mohammedanism /
Statement of responsibility, etc. translated from the French by William Burridge.
250 ## - EDITION STATEMENT
Edition statement 1st ed.
260 ## - PUBLICATION, DISTRIBUTION, ETC. (IMPRINT)
Place of publication, distribution, etc. New York :
Name of publisher, distributor, etc. Hawthorn Books,
Date of publication, distribution, etc. 1961 [printing 1963]
300 ## - PHYSICAL DESCRIPTION
Pagination 176 p. ;
Size 21 cm.
490 0# - SERIES STATEMENT
Series statement The Twentieth century encyclopedia of Catholicism, v. 143. Section 15: Non-Christian beliefs
500 ## - GENERAL NOTE
General note Translation of Connaître l'Islam.
504 ## - BIBLIOGRAPHY, ETC. NOTE
Bibliography, etc Includes bibliography.
650 #0 - SUBJECT ADDED ENTRY--TOPICAL TERM
Topical term or geographic name as entry element Islam.
9 (RLIN) 100105
942 ## - ADDED ENTRY ELEMENTS (KOHA)
Source of classification or shelving scheme Dewey Decimal Classification
Koha item type Books
Holdings
Lost status Source of classification or shelving scheme Damaged status Not for loan Collection code Permanent Location Current Location Shelving location Date acquired Source of acquisition Cost, normal purchase price Total Checkouts Full call number Date last seen Copy number Koha item type
  Dewey Decimal Classification   Not For Loan Non-fiction Central Library, University of Rajshahi Central Library, University of Rajshahi Reading Room 09/09/1969 Zitlinger 37.60   297 GAM 1963 29/04/2014 C-1 Books
  Dewey Decimal Classification     Non-fiction Central Library, University of Rajshahi Central Library, University of Rajshahi   09/09/1969 Zeetlinger 37.60   297 GAM 1963 01/08/2016 C-3 Books